| 000 | 00560nam a2200145Ia 4500 | ||
|---|---|---|---|
| 008 | 100122s9999 xx 000 0 und d | ||
| 082 |
_b69463 _a821 |
||
| 100 | _aढसाळ नामदेव | ||
| 245 | _aतुझे बोट धरुन चाललो आहे मी | ||
| 260 |
_bलोकवाड.मय गृह प्रकाशन _c2006 |
||
| 300 | _a72 | ||
| 630 | _aतुझे बोट धरुन चाललो आहे मी | ||
| 730 | _aतुझे बोट धरुन चाललो आहे मी | ||
| 942 | _cBOOK | ||
| 999 |
_c440759 _d440756 |
||